Identify the Bond film from the Cover Identity - Statistics

General Stats
  • This quiz has been taken 32 times
  • The average score is 8 of 12
Answer Stats
Hint Film % Correct
Peter Franks, diamond smuggler Diamonds Are Forever
96%
Francisco Scaramanga, international assassin The Man With The Golden Gun
93%
James St. John Smythe, potential horse breeder A View To A Kill
79%
Arlington Beech, professional gambler Casino Royale
75%
Robert Sterling, marine biologist The Spy Who Loved Me
75%
Sir Hilary Bray, Baronet, of the London College of Arms On Her Majesty’s Secret Service
71%
Dr. Mikhail Arkov, Russian nuclear scientist The World Is Not Enough
64%
James Stock, London Financial Times journalist A View To A Kill
57%
Klaus Hergescheimer, safety technician Diamonds Are Forever
54%
David Somerset, travelling with his wife From Russia With Love
54%
Mr Fisher, businessman You Only Live Twice
54%
Mr Van Bierk, diamond smuggler Die Another Day
50%
No matching quizzes found
Score Distribution
Percent of People with Each Score
Percentile by Number Answered
Your Score History
You have not taken this quiz